[Event "SVK-chT2D 1920"]
[Site "Slovakia"]
[Date "2020.03.07"]
[Round "10.5"]
[White "Csala, Jan"]
[Black "Kopcak, Stanislav"]
[Result "1-0"]
[WhiteElo "2099"]
[BlackElo "1923"]
[PlyCount "83"]
[EventDate "2019.10.26"]
[EventType "team-tourn"]
[EventRounds "11"]
[EventCountry "SVK"]
[SourceTitle "EXT 2022"]
[Source "ChessBase"]
[SourceDate "2021.10.06"]
[SourceVersion "1"]
[SourceVersionDate "2021.10.06"]
[SourceQuality "1"]
[WhiteTeam "Moldava nad Bodvou"]
[BlackTeam "Poprad LS VD"]
[WhiteTeamCountry "SVK"]
[BlackTeamCountry "SVK"]

1. d4 d5 2. Nf3 c6 3. g3 Bf5 4. Bg2 e6 5. 0-0 Be7 6. c4 Nd7 7. Nc3 h6 8. Qb3 Qc8 9. Bd2 dxc4 10. Qxc4 g5 11. e4 Bg6 12. Rfc1 g4 13. Ne1 h5 14. Qe2 e5 15. Nd3 f6 16. Be3 Nh6 17. dxe5 Nxe5 18. Nxe5 fxe5 19. Nd5 Qd7 20. Nxe7 Qxe7 21. Bc5 Qf6 22. Rd1 Nf7 23. h4 b6 24. Be3 0-0 25. Rd7 Qe6 26. Qd3 Rfd8 27. Rxd8+ Rxd8 28. Qa6 Qd7 29. Re1 Kg7 30. a4 c5 31. Kh2 Qc7 32. Qc4 Qd7 33. a5 Rc8 34. axb6 axb6 35. f4 exf4 36. Bxf4 Qd4 37. Qe6 Rd8 38. e5 Qxb2 39. Qe7 Rd2 40. Bxd2 Qxd2 41. Rf1 Qd8 42. Rxf7+ 1-0

[Event "SVK-chT2D 1819"]
[Site "Slovakia"]
[Date "2018.10.14"]
[Round "2.4"]
[White "Csala, Jan"]
[Black "Verbovsky, Michal"]
[Result "1-0"]
[WhiteElo "2113"]
[BlackElo "1986"]
[PlyCount "67"]
[EventDate "2018.10.13"]
[EventType "team-tourn"]
[EventRounds "11"]
[EventCountry "SVK"]
[SourceTitle "CBM 187 Extra"]
[Source "ChessBase"]
[SourceDate "2018.11.04"]
[SourceVersion "1"]
[SourceVersionDate "2018.11.04"]
[SourceQuality "1"]
[WhiteTeam "Moldava nad Bodvou"]
[BlackTeam "Sabinov II"]
[WhiteTeamCountry "SVK"]
[BlackTeamCountry "SVK"]

1. d4 Nf6 2. Nf3 e6 3. g3 c5 4. Bg2 d5 5. 0-0 Nc6 6. c4 cxd4 7. Nxd4 Qb6 8. Nf3 Be7 9. cxd5 exd5 10. Nbd2 0-0 11. Nb3 Bf5 12. Be3 Qa6 13. Nfd4 Be4 14. Nxc6 bxc6 15. Bh3 Rfd8 16. Nc5 Qb5 17. Nxe4 Nxe4 18. Qc2 Bf6 19. Rab1 a5 20. Rfc1 Ra6 21. Bf5 g6 22. Bxe4 dxe4 23. Bc5 Bg5 24. Rd1 Rd5 25. Bd4 c5 26. Bc3 Rxd1+ 27. Rxd1 Bf6 28. Bxf6 Rxf6 29. Rd5 Rf5 30. Rd8+ Kg7 31. Qc3+ Kh6 32. g4 Rf4 33. Qg3 g5 34. Rg8 1-0

[Event "Puspokladany Arnoth Memorial 11th"]
[Site "Puspokladany"]
[Date "2018.07.26"]
[Round "2"]
[White "Nadhazi, Imre"]
[Black "Csala, Jan"]
[Result "0-1"]
[WhiteElo "1884"]
[BlackElo "2093"]
[PlyCount "74"]
[EventDate "2018.07.25"]
[EventType "swiss"]
[EventRounds "9"]
[EventCountry "HUN"]
[SourceTitle "CBM 186 Extra"]
[Source "ChessBase"]
[SourceDate "2018.08.24"]
[SourceVersion "1"]
[SourceVersionDate "2018.08.24"]
[SourceQuality "1"]

1. e4 c6 2. d4 d5 3. exd5 cxd5 4. Bd3 Nf6 5. Nf3 Bg4 6. c3 Nbd7 7. h3 Bh5 8. Bf4 Qb6 9. Qc2 Bg6 10. Bxg6 hxg6 11. Nbd2 e6 12. Ne5 Nxe5 13. Bxe5 Be7 14. Qa4+ Qc6 15. Qxc6+ bxc6 16. Ke2 0-0 17. Rac1 Rac8 18. b4 Nd7 19. Bg3 Rfe8 20. Kd3 Bg5 21. f4 Be7 22. Rce1 Bd6 23. Bh2 f5 24. Rb1 Nf6 25. Nf3 Ne4 26. Rhf1 Rb8 27. Rb3 Rb7 28. Rfb1 Reb8 29. Nd2 g5 30. Nxe4 fxe4+ 31. Ke3 Rf8 32. g3 gxf4+ 33. gxf4 g5 34. Rg1 Rg7 35. Ra3 Bxf4+ 36. Bxf4 gxf4+ 37. Kf2 e3+ 0-1

[Event "SVK-chT2D 1718"]
[Site "Slovakia"]
[Date "2018.03.17"]
[Round "10.2"]
[White "Konak, Jan"]
[Black "Csala, Jan"]
[Result "1/2-1/2"]
[WhiteElo "2118"]
[BlackElo "2093"]
[PlyCount "21"]
[EventDate "2017.10.28"]
[EventType "team-tourn"]
[EventRounds "11"]
[EventCountry "SVK"]
[SourceTitle "EXT 2020"]
[Source "ChessBase"]
[SourceDate "2019.10.17"]
[SourceVersion "1"]
[SourceVersionDate "2019.10.17"]
[SourceQuality "1"]
[WhiteTeam "Spisska Nova Ves"]
[BlackTeam "Moldava nad Bodvou"]
[WhiteTeamCountry "SVK"]
[BlackTeamCountry "SVK"]

1. d4 Nf6 2. Nf3 d5 3. c4 c6 4. Nc3 e6 5. e3 Be7 6. Bd3 0-0 7. 0-0 Nbd7 8. b3 b6 9. Bb2 Bb7 10. cxd5 cxd5 11. Rc1 1/2-1/2

[Event "SVK-chT1E 1718"]
[Site "Slovakia"]
[Date "2018.03.10"]
[Round "10.5"]
[White "Csala, Jan"]
[Black "Mnich, Jozef"]
[Result "0-1"]
[WhiteElo "2093"]
[BlackElo "2009"]
[PlyCount "78"]
[EventDate "2017.10.21"]
[EventType "team-tourn"]
[EventRounds "11"]
[EventCountry "SVK"]
[SourceTitle "EXT 2019"]
[Source "ChessBase"]
[SourceDate "2018.10.10"]
[SourceVersion "1"]
[SourceVersionDate "2018.10.10"]
[SourceQuality "1"]
[WhiteTeam "Jelsava Magnezit"]
[BlackTeam "Presov Tatran"]
[WhiteTeamCountry "SVK"]
[BlackTeamCountry "SVK"]

1. d4 e6 2. g3 Nf6 3. Bg2 d5 4. Nf3 Bd6 5. 0-0 Nbd7 6. c4 c6 7. Nc3 0-0 8. Nd2 Re8 9. e4 dxe4 10. Ndxe4 Be7 11. Bf4 Nb6 12. c5 Nbd5 13. Nd6 Rf8 14. Be5 Ne8 15. Nxe8 Rxe8 16. Ne4 Nf6 17. Nd6 Rf8 18. b4 Nd5 19. g4 a6 20. Nc4 b5 21. cxb6 Bb7 22. a3 Nxb6 23. Na5 Qd7 24. Rc1 Rac8 25. Qe2 Nd5 26. Rc2 Bg5 27. f4 Bd8 28. Nc4 Bc7 29. f5 exf5 30. gxf5 f6 31. Bxc7 Nxc7 32. Kh1 Rfe8 33. Qg4 Nd5 34. Bxd5+ Qxd5+ 35. Rg2 Rc7 36. Qg3 c5 37. Rfg1 Qxc4 38. Qxc7 Bxg2+ 39. Kxg2 Qxd4 0-1

[Event "SVK-chT2D 1718"]
[Site "Slovakia"]
[Date "2017.11.26"]
[Round "4.2"]
[White "Turzak, Milan1111"]
[Black "Csala, Jan"]
[Result "1/2-1/2"]
[WhiteElo "1945"]
[BlackElo "2114"]
[PlyCount "40"]
[EventDate "2017.10.28"]
[EventType "team-tourn"]
[EventRounds "11"]
[EventCountry "SVK"]
[SourceTitle "EXT 2019"]
[Source "ChessBase"]
[SourceDate "2018.10.10"]
[SourceVersion "1"]
[SourceVersionDate "2018.10.10"]
[SourceQuality "1"]
[WhiteTeam "Gelnica Slovan"]
[BlackTeam "Moldava nad Bodvou"]
[WhiteTeamCountry "SVK"]
[BlackTeamCountry "SVK"]

1. e4 c5 2. Nc3 Nc6 3. g3 g6 4. Bg2 Bg7 5. Nge2 e6 6. d3 Nge7 7. Be3 Nd4 8. Qd2 d6 9. Nd1 Nxe2 10. Qxe2 Rb8 11. 0-0 0-0 12. f4 b6 13. c3 f5 14. Nf2 Kh8 15. Rad1 Ba6 16. Qc2 Qc7 17. Qa4 Bc8 18. Rfe1 b5 19. Qc2 Bb7 20. Nh3 h6 1/2-1/2

[Event "SVK-ch Amateurs"]
[Site "Stara Lubovna"]
[Date "2015.05.07"]
[Round "2"]
[White "Csala, Jan"]
[Black "Ambros, Rafael"]
[Result "1/2-1/2"]
[WhiteElo "2157"]
[BlackElo "1991"]
[PlyCount "87"]
[EventDate "2015.05.07"]
[EventType "swiss"]
[EventRounds "7"]
[EventCountry "SVK"]
[SourceTitle "EXT 2017"]
[Source "ChessBase"]
[SourceDate "2016.10.25"]
[SourceVersion "1"]
[SourceVersionDate "2016.10.25"]
[SourceQuality "1"]

1. d4 d5 2. Nf3 e6 3. g3 c6 4. Bg2 f5 5. b3 Nf6 6. Bb2 Bd6 7. c4 0-0 8. Nbd2 Nbd7 9. 0-0 Ne4 10. e3 Ndf6 11. Qc2 Bd7 12. Ne5 Be8 13. f3 Nxd2 14. Qxd2 Qe7 15. a3 Bh5 16. b4 Nd7 17. Rac1 Rac8 18. Rfe1 Nf6 19. Bc3 Rfd8 20. c5 Bb8 21. a4 Nd7 22. Nxd7 Rxd7 23. b5 Rf8 24. f4 g5 25. Rb1 Qg7 26. Rb3 Bc7 27. Qf2 Bd8 28. Reb1 Bf6 29. bxc6 bxc6 30. Bf1 h6 31. Ba6 Be8 32. Rb7 Rff7 33. Rb8 Rf8 34. Kf1 Kh7 35. Ke1 Kg6 36. Kd2 h5 37. Kd3 g4 38. R1b7 Rxb7 39. Rxb7 Rf7 40. Rxf7 Qxf7 41. Ba5 Qd7 42. Qb2 Bd8 43. Be1 Qc7 44. Qb7 1/2-1/2

[Event "SVK-chT2D 14/15"]
[Site "Slovakia"]
[Date "2015.03.07"]
[Round "10.4"]
[White "Csala, Jan"]
[Black "Vrabel, Michal"]
[Result "1-0"]
[WhiteElo "2123"]
[BlackElo "2028"]
[PlyCount "101"]
[EventDate "2014.10.11"]
[EventType "team-tourn"]
[EventRounds "11"]
[EventCountry "SVK"]
[SourceTitle "EXT 2019"]
[Source "ChessBase"]
[SourceDate "2018.10.10"]
[SourceVersion "1"]
[SourceVersionDate "2018.10.10"]
[SourceQuality "1"]
[WhiteTeam "Moldava nad Bodvou"]
[BlackTeam "Presov Slavia PU"]
[WhiteTeamCountry "SVK"]
[BlackTeamCountry "SVK"]

1. d4 Nf6 2. Nf3 g6 3. c4 Bg7 4. Nc3 d5 5. Bf4 c6 6. e3 0-0 7. Qb3 dxc4 8. Bxc4 Nbd7 9. h3 Nb6 10. Be2 Be6 11. Qc2 Nbd5 12. Be5 Nxc3 13. bxc3 c5 14. 0-0 cxd4 15. cxd4 Bf5 16. Qb2 Qd7 17. Rfc1 Rfc8 18. Nd2 Ne4 19. Bxg7 Kxg7 20. Bf3 Nxd2 21. Qxd2 Rxc1+ 22. Rxc1 Rc8 23. e4 Rxc1+ 24. Qxc1 Qc8 25. Qb2 Bd7 26. e5 b6 27. d5 Bf5 28. g4 Qc2 29. Qd4 Qd3 30. Qf4 Bd7 31. Kg2 Bb5 32. Kg3 h6 33. h4 a5 34. g5 h5 35. d6 exd6 36. Qf6+ Kg8 37. Qxd6 Qxd6 38. exd6 Kf8 39. Kf4 Bd7 40. Ke5 Kg7 41. Bd5 Ba4 42. Bb7 Bd7 43. f4 b5 44. Kd4 Kf8 45. Kc5 b4 46. Bd5 Ke8 47. Bc4 Kd8 48. Bxf7 Bf5 49. Kb5 Kd7 50. Kxa5 Kxd6 51. Kxb4 1-0

[Event "Puspokladany Arnoth Memorial 07th"]
[Site "Puspokladany"]
[Date "2014.07.20"]
[Round "9"]
[White "Csala, Jan"]
[Black "Csuta, Akos Koppany"]
[Result "1/2-1/2"]
[WhiteElo "2156"]
[BlackElo "1814"]
[PlyCount "31"]
[EventDate "2014.07.16"]
[EventType "swiss"]
[EventRounds "9"]
[EventCountry "HUN"]
[SourceTitle "EXT 2016"]
[Source "ChessBase"]
[SourceDate "2015.10.08"]
[SourceVersion "1"]
[SourceVersionDate "2015.10.08"]
[SourceQuality "1"]

1. d4 Nf6 2. Nf3 g6 3. c4 Bg7 4. Nc3 d5 5. Bf4 0-0 6. Rc1 c6 7. e3 Bg4 8. Qb3 Bxf3 9. gxf3 dxc4 10. Bxc4 Qb6 11. Qa3 Nbd7 12. Ne4 Nxe4 13. fxe4 c5 14. dxc5 Bxb2 15. cxb6 Bxa3 16. Rd1 1/2-1/2